Cultural anthropology / (Record no. 2543)

MARC details
000 -LEADER
fixed length control field 00803nam a2200289Ia 4500
001 - CONTROL NUMBER
control field 14299
003 - CONTROL NUMBER IDENTIFIER
control field GBCCL
005 - DATE AND TIME OF LATEST TRANSACTION
control field 20241126110431.0
008 - FIXED-LENGTH DATA ELEMENTS--GENERAL INFORMATION
fixed length control field 830926s1983 miua b 00110 eng d
010 ## -
-- 75033067
020 ## - INTERNATIONAL STANDARD BOOK NUMBER
International Standard Book Number 0801042739
Terms of availability $13.95
035 ## - SYSTEM CONTROL NUMBER
System control number OCM09949689
040 ## - CATALOGING SOURCE
Original cataloging agency VYF
Transcribing agency VYF
Modifying agency LBB
049 ## -
-- LBBK
082 ## - DEWEY DECIMAL CLASSIFICATION NUMBER
Classification number 306
Item number HIE
090 ## - LOCALLY ASSIGNED LC-TYPE CALL NUMBER (OCLC); LOCAL CALL NUMBER (RLIN)
Classification number (OCLC) (R) ; Classification number, CALL (RLIN) (NR) GN316
Local cutter number (OCLC) ; Book number/undivided call number, CALL (RLIN) .H53 1983
092 0# - LOCALLY ASSIGNED DEWEY CALL NUMBER (OCLC)
Classification number 306
Item number H633, 1983
Edition number 20
100 10 - MAIN ENTRY--PERSONAL NAME
Personal name Hiebert, Paul G.,
Dates associated with a name 1932-
9 (RLIN) 2217
245 10 - TITLE STATEMENT
Title Cultural anthropology /
Statement of responsibility, etc. Paul G. Hiebert.
250 ## - EDITION STATEMENT
Edition statement 2nd ed.
260 0# - PUBLICATION, DISTRIBUTION, ETC.
Place of publication, distribution, etc. Grand Rapids, Mich. :
Name of publisher, distributor, etc. Baker Book House,
Date of publication, distribution, etc. c1983.
300 ## - PHYSICAL DESCRIPTION
Extent xxiii, 476 p. :
Other physical details ill. ;
Dimensions 23 cm.
504 ## - BIBLIOGRAPHY, ETC. NOTE
Bibliography, etc. note Includes bibliographical references and index.
650 #0 - SUBJECT ADDED ENTRY--TOPICAL TERM
Topical term or geographic name entry element Ethnology.
9 (RLIN) 5301
650 #0 - SUBJECT ADDED ENTRY--TOPICAL TERM
Topical term or geographic name entry element Culture.
9 (RLIN) 4481
942 ## - ADDED ENTRY ELEMENTS (KOHA)
Source of classification or shelving scheme Dewey Decimal Classification
Koha item type Books
Koha issues (borrowed), all copies 3
Holdings
Withdrawn status Lost status Source of classification or shelving scheme Damaged status Not for loan Home library Current Library Shelving location Date acquired Total checkouts Full call number Barcode Date last seen Date last checked out Copy number Price effective from Koha item type
    Dewey Decimal Classification     GRACE BIBLE COLLEGE GRACE BIBLE COLLEGE General Studies 2017-08-23 1 306 HIE 006299 2025-05-01 2019-01-21 c.1 2017-08-23 Books
    Dewey Decimal Classification     GRACE BIBLE COLLEGE GRACE BIBLE COLLEGE General Studies 2022-02-21 2 306 HIE 014666 2025-05-01 2023-12-14 c.2 2022-02-21 Books
© Grace Bible College Library 2025